Mi guía para ser corresponsal comunal
Uloženo v:
| Hlavní autoři: | , , |
|---|---|
| Médium: | Kniha |
| Jazyk: | španělština |
| Vydáno: |
San Salvador
UNESCO
1996
San Salvador Ministerio de Educación 1996 |
| Témata: | |
| Tagy: |
Přidat tag
Žádné tagy, Buďte první, kdo vytvoří štítek k tomuto záznamu!
|
MARC
| LEADER | 00000nam a2200000 a 4500 | ||
|---|---|---|---|
| 001 | UCM3628 | ||
| 003 | CL-VaPUC | ||
| 008 | 020712e19960000es |||||||||||||||||spa|d | ||
| 082 | 0 | 4 | |a 362.83 |b MOR |2 21 |
| 100 | |a Morales, Elízabeth Eugenia |e autora |9 470324 | ||
| 700 | 0 | |a Muñoz de Castillo, Violeta |e author |9 470325 | |
| 700 | 0 | |a Ramírez, Iliana |e author |9 470326 | |
| 245 | 1 | 0 | |a Mi guía para ser corresponsal comunal |
| 246 | 1 | 0 | |a Apoyo radiofónico para la educación no formal, la capacitación e información a las mujeres salvadoreñas |
| 300 | |a 2 v | ||
| 942 | |c BK | ||
| 945 | |d 20020712 00:00:00 |a cmena | ||
| 260 | |a San Salvador |b UNESCO |c 1996 | ||
| 260 | |a San Salvador |b Ministerio de Educación |c 1996 | ||
| 500 | |a v.1: Cuaderno N§1 | ||
| 500 | |a v.2:Cuaderno N§2 | ||
| 650 | 0 | |a Mujeres |9 257649 | |
| 650 | 0 | |a Problemas sociales |9 258537 | |
| 650 | 0 | |a Participación social |9 256140 | |
| 650 | 0 | |a Entrevistas |9 265537 | |
| 583 | |a last modification |c 20171220 10:50:05 |k Rodrigo Vera | ||
| 999 | |c 300832 |d 300830 | ||
| 952 | |0 0 |1 0 |4 0 |6 362_830000000000000_MOR_1996_1996 |7 0 |8 P |9 359185 |a BIBEDU |b BIBEDU |c BIBEDU_PB |d 2019-11-21 |h v.1 |i 3814866 |o 362.83 MOR 1996 1996 |p 3814866 |r 2024-01-25 |w 2019-11-21 |y BK |k BME | ||
| 952 | |0 0 |1 0 |4 0 |6 362_830000000000000_MOR_1996_1996 |7 0 |8 P |9 359186 |a BIBEDU |b BIBEDU |c BIBEDU_PB |d 2019-11-21 |h v.2 |i 3814874 |o 362.83 MOR 1996 1996 |p 3814874 |r 2024-01-25 |w 2019-11-21 |y BK |k BME | ||